00754nam a2200205 a 4500001001300000003000900013005001700022008004100039020001000080082001700090100002400107245004700131260003200178300000900210500003500219505004100254505021100295650001800506700002400524nice12345678IN_TiNIC20260116011340.0050524s0000 egya grp 000 0 ara  ac10000a297.09bTAB5 aTabri Al, Abi Jafar aTareekhul Uman Wal Malook, 12 Volumes in 6 aEgyptbHusainia Pressc0000 a295p aincludes index and biblioraphy2 a12 Volumes in Bounded in Six Volumes2 a12 Volumes in Bounded in Six Volumes00gV1.tTareekhul Uman Wal Malook.--gV2.tTareekhul Uman Wal Malook.--gV3.tTareekhul Uman Wal Malook.--gV4.tTareekhul Uman Wal Malook.--gV5.tTareekhul Uman Wal Ma aIslam-History1 aTabri Al, Abi Jafar